000 00319nam a22001337a 4500
008 180118b xxu||||| |||| 00| 0 eng d
020 _a9780882801452
041 _aeng
080 _a004
100 _a30
101 _aSHK
245 _aTHE INTERNET FOR EDUCATORS HOME HOMESCHOOLLERS
_cJONES.S
942 _2udc
_cBK
999 _c40473
_d40473